[Event "TCh-TUR Super League 2023"]
[Site "Ankara TUR"]
[Date "2023.07.19"]
[Round "10.3"]
[Board "1"]
[White "Yakubboev, Nodirbek"]
[Black "Volokitin, Andrei"]
[Result "1-0"]
[WhiteTitle "GM"]
[BlackTitle "GM"]
[WhiteElo "2640"]
[BlackElo "2674"]
[WhiteTeam "KARAMAN FUTBOL KULUBU"]
[BlackTeam "DENIZ SU SATRANC GENCLIK VE"]
[WhiteFideId "14203987"]
[BlackFideId "14107090"]
[EventDate "2023.07.10"]

1. c4 c5 2. Nf3 Nc6 3. Nc3 e5 4. d3 Nge7 5. Nd5 d6 6. g3 Nxd5 7. cxd5 Nd4 8. Nd2
h5 9. e3 Nf5 10. h4 g6 11. a4 Bg7 12. Nc4 b6 13. Bd2 Ba6 14. Na3 O-O 15. Bc3 Nh6
16. b4 cxb4 17. Bxb4 f5 18. Rc1 f4 19. gxf4 exf4 20. e4 Ng4 21. f3 Ne3 22. Qb3
Rc8 23. Rc6 Rxc6 24. dxc6+ Kh7 25. Nb5 Bxb5 26. axb5 Qf6 27. Kd2 Qa1 28. Bg2 Qd4
29. Bh3 Nc4+ 30. Qxc4 Qf2+ 31. Kc1 Qb2+ 32. Kd1 Qb1+ 33. Ke2 Qxh1 34. Bf1 Qh2+
35. Kd1 Qg1 36. d4 a6 37. bxa6 b5 38. Qd3 Ra8 39. c7 Bxd4 40. Bxd6 Be3 41. Be5
Kh6 42. Bf6 1-0

[Event "TCh-TUR Super League 2023"]
[Site "Ankara TUR"]
[Date "2023.07.19"]
[Round "10.3"]
[Board "2"]
[White "Indjic, Aleksandar"]
[Black "Daneshvar, Bardiya"]
[Result "1/2-1/2"]
[WhiteTitle "GM"]
[BlackTitle "GM"]
[WhiteElo "2619"]
[BlackElo "2577"]
[WhiteTeam "DENIZ SU SATRANC GENCLIK VE"]
[BlackTeam "KARAMAN FUTBOL KULUBU"]
[WhiteFideId "911925"]
[BlackFideId "12576468"]
[EventDate "2023.07.10"]

1. d4 Nf6 2. c4 e6 3. Nc3 d5 4. cxd5 exd5 5. Bg5 c6 6. e3 Bf5 7. Qb3 Qb6 8. Bxf6
gxf6 9. Kd2 Nd7 10. Bd3 Qxb3 11. axb3 Bxd3 12. Kxd3 Rg8 13. g3 f5 14. Nf3 Nf6
15. Nh4 Ne4 16. Ke2 Nd6 17. Na4 O-O-O 18. Nc5 Kb8 19. Rhc1 Bg7 20. Ra4 Bf6 21.
Ng2 Ne4 22. b4 Rge8 23. Kf3 Be7 24. Rc2 Nd6 25. Ra1 Bf6 26. Kf4 Rg8 27. Kf3 Rge8
28. Nf4 Nb5 29. Ne2 Nd6 30. Nc3 a6 31. b3 Be7 32. Ne2 Ne4 33. Nf4 Bd6 34. Ng2
Ng5+ 35. Ke2 Ne6 36. Kd3 Be7 37. Ne1 Bf6 38. Nf3 Re7 39. Kd2 Rg8 40. Nd3 Kc7 41.
Nc5 1/2-1/2

[Event "TCh-TUR Super League 2023"]
[Site "Ankara TUR"]
[Date "2023.07.19"]
[Round "10.3"]
[Board "3"]
[White "Aydincelebi, Kagan"]
[Black "Citak, Selim"]
[Result "1/2-1/2"]
[WhiteTitle "FM"]
[BlackTitle "FM"]
[WhiteElo "2280"]
[BlackElo "2327"]
[WhiteTeam "KARAMAN FUTBOL KULUBU"]
[BlackTeam "DENIZ SU SATRANC GENCLIK VE"]
[WhiteFideId "6361102"]
[BlackFideId "6301819"]
[EventDate "2023.07.10"]

1. e4 e5 2. Nf3 Nc6 3. Bb5 a6 4. Ba4 Nf6 5. O-O Be7 6. d3 b5 7. Bb3 d6 8. a4 Bd7
9. c3 O-O 10. Bc2 d5 11. Nbd2 Re8 12. Re1 Bf8 13. Nf1 h6 14. h3 g6 15. Ng3 Bg7
16. d4 dxe4 17. Nxe4 exd4 18. axb5 axb5 19. Rxa8 Qxa8 20. Nxf6+ Bxf6 21. Rxe8+
Qxe8 22. cxd4 Nxd4 23. Nxd4 Bxd4 24. Qxd4 Qe1+ 25. Kh2 Qxc1 26. Bxg6 fxg6 27.
Qxd7 Qf4+ 28. Kg1 Qc1+ 29. Kh2 Qf4+ 30. Kg1 Qc1+ 1/2-1/2

[Event "TCh-TUR Super League 2023"]
[Site "Ankara TUR"]
[Date "2023.07.19"]
[Round "10.3"]
[Board "4"]
[White "Yurtseven, Melih"]
[Black "Makaraci, Tunahan"]
[Result "0-1"]
[WhiteTitle "IM"]
[WhiteElo "2329"]
[BlackElo "2296"]
[WhiteTeam "DENIZ SU SATRANC GENCLIK VE"]
[BlackTeam "KARAMAN FUTBOL KULUBU"]
[WhiteFideId "6312160"]
[BlackFideId "6356559"]
[EventDate "2023.07.10"]

1. e4 c5 2. Nc3 Nc6 3. a3 e5 4. Bc4 d6 5. d3 Be7 6. Nge2 Be6 7. O-O Nf6 8. Nd5
O-O 9. c3 a6 10. Ng3 b5 11. Ba2 Rc8 12. Be3 Nb8 13. f4 Ng4 14. f5 Nxe3 15. Nxe3
Bxa2 16. Rxa2 Nd7 17. Nh5 g6 18. Ng3 Bg5 19. Nd5 Nb6 20. Qg4 h5 21. Qf3 h4 22.
Ne2 Nxd5 23. exd5 c4 24. d4 Kg7 25. a4 Bf6 26. axb5 axb5 27. dxe5 dxe5 28. Ra6
Ra8 29. Rc6 Ra2 30. Rb1 Qd7 31. g4 Qa7+ 32. Kg2 Ra1 0-1

[Event "TCh-TUR Super League 2023"]
[Site "Ankara TUR"]
[Date "2023.07.19"]
[Round "10.3"]
[Board "5"]
[White "Abdulla, Khayala"]
[Black "Salimova, Nurgyul"]
[Result "1/2-1/2"]
[WhiteTitle "WGM"]
[BlackTitle "IM"]
[WhiteElo "2229"]
[BlackElo "2409"]
[WhiteTeam "KARAMAN FUTBOL KULUBU"]
[BlackTeam "DENIZ SU SATRANC GENCLIK VE"]
[WhiteFideId "13401807"]
[BlackFideId "2915138"]
[EventDate "2023.07.10"]

1. e4 e5 2. Nf3 Nc6 3. Nc3 Nf6 4. d4 exd4 5. Nxd4 Bb4 6. Nxc6 bxc6 7. Bd3 d5 8.
exd5 cxd5 9. O-O O-O 10. Bg5 Be6 11. Bxf6 Qxf6 12. Qh5 g6 13. Qh6 Bxc3 14. bxc3
Qxc3 15. h4 c5 16. h5 Qf6 17. Rab1 Rab8 18. Qe3 d4 19. Qg3 Rbd8 20. Rb7 Rd5 21.
hxg6 hxg6 22. f4 Rh5 23. Be2 Rh6 24. Rxa7 Bf5 25. Qg5 Qh8 26. Kf2 Rh1 27. Qe7
Rxf1+ 28. Bxf1 Qh2 29. Qg5 Qh1 30. Rc7 Bxc2 31. Rxc5 d3 32. Rd5 Qh8 33. Bxd3
Bxd3 34. Rxd3 Qb2+ 35. Kg3 Qxa2 36. Rd8 Rxd8 1/2-1/2

[Event "TCh-TUR Super League 2023"]
[Site "Ankara TUR"]
[Date "2023.07.19"]
[Round "10.3"]
[Board "6"]
[White "Erten, Kerem"]
[Black "Ipek, Egehan"]
[Result "1-0"]
[WhiteTitle "CM"]
[BlackTitle "FM"]
[WhiteElo "2287"]
[BlackElo "2258"]
[WhiteTeam "DENIZ SU SATRANC GENCLIK VE"]
[BlackTeam "KARAMAN FUTBOL KULUBU"]
[WhiteFideId "34588221"]
[BlackFideId "44523793"]
[EventDate "2023.07.10"]

1. e4 c5 2. Nf3 e6 3. g3 Nc6 4. Bg2 Nf6 5. Qe2 d6 6. O-O Be7 7. c3 e5 8. h3 O-O
9. d3 Re8 10. c4 Rb8 11. Nc3 a6 12. Nd5 b5 13. b3 h6 14. Be3 Be6 15. Ne1 Qd7 16.
Kh2 Bd8 17. f4 Bxd5 18. cxd5 Nd4 19. Qd2 a5 20. Rc1 a4 21. fxe5 dxe5 22. b4 cxb4
23. Bxd4 exd4 24. Qf4 Nh5 25. Qxb8 Ba5 26. Qxe8+ Qxe8 27. Nf3 b3 28. axb3 Bc3
29. bxa4 b4 1-0

[Event "TCh-TUR Super League 2023"]
[Site "Ankara TUR"]
[Date "2023.07.19"]
[Round "10.4"]
[Board "1"]
[White "Abasov, Nijat"]
[Black "Ivic, Velimir"]
[Result "1-0"]
[WhiteTitle "GM"]
[BlackTitle "GM"]
[WhiteElo "2632"]
[BlackElo "2590"]
[WhiteTeam "DARUSSAFAKA"]
[BlackTeam "BURHANIYE"]
[WhiteFideId "13402960"]
[BlackFideId "950122"]
[EventDate "2023.07.10"]

1. Nf3 d5 2. g3 g6 3. Bg2 Bg7 4. d4 Nf6 5. O-O O-O 6. c4 c6 7. cxd5 cxd5 8. Nc3
Ne4 9. Bf4 Nc6 10. Rc1 Bf5 11. Ne5 Nxc3 12. bxc3 Bxe5 13. dxe5 Be6 14. Qd2 Qa5
15. Rfd1 Rfd8 16. h4 Rac8 17. h5 d4 18. cxd4 Rxd4 19. Qb2 Rxd1+ 20. Rxd1 Qc7 21.
h6 Na5 22. a4 b6 23. Bd5 Qd7 24. Bb3 Qc6 25. Bxe6 Qxe6 26. Qb5 Nc6 27. Qa6 Kf8
28. Kg2 Ke8 29. Qb5 Kf8 30. e4 Nb8 31. Rd5 Qc6 32. Qb4 Na6 33. Qd4 Nc5 34. e6 f6
35. Rd8+ Rxd8 36. Qxd8+ Qe8 37. Qc7 Qa8 38. Bd6 Qxe4+ 39. Kh2 Qxe6 40. Qd8+ Kf7
41. Bxc5 bxc5 42. Qh8 Qf5 43. Qxh7+ Ke6 44. Qg8+ Kd7 45. Qa8 Qh5+ 46. Kg2 Qxh6
47. Qxa7+ Ke8 48. Qa8+ Kf7 49. Qd5+ Kg7 50. a5 c4 51. a6 c3 52. a7 1-0

[Event "TCh-TUR Super League 2023"]
[Site "Ankara TUR"]
[Date "2023.07.19"]
[Round "10.4"]
[Board "2"]
[White "Celik, Hasan Huseyin"]
[Black "Kadric, Denis"]
[Result "1/2-1/2"]
[WhiteTitle "FM"]
[BlackTitle "GM"]
[WhiteElo "2405"]
[BlackElo "2601"]
[WhiteTeam "BURHANIYE"]
[BlackTeam "DARUSSAFAKA"]
[WhiteFideId "44506759"]
[BlackFideId "14403803"]
[EventDate "2023.07.10"]

1. d4 d6 2. Nf3 g6 3. e4 Bg7 4. c3 Nc6 5. Bd3 e5 6. h3 Nf6 7. O-O O-O 8. Re1 a5
9. a4 b6 10. Na3 exd4 11. cxd4 Nb4 12. Bb1 Bb7 13. Nb5 Re8 14. Nc3 c5 15. d5 Ba6
16. Bf4 Nh5 17. Bh2 Ra7 18. Qd2 Rae7 19. Bc2 c4 20. Rad1 Nd3 21. Bxd3 cxd3 22.
g4 Nf6 23. Qf4 h5 24. g5 Nd7 25. Qxd6 Bxc3 26. bxc3 Rxe4 27. Rxe4 Rxe4 28. Bf4
Qe8 29. Bd2 Bc4 30. Rb1 Re2 31. Be3 d2 32. Nxd2 Bd3 33. Rb2 Rxe3 34. fxe3 Qxe3+
35. Kg2 Qe2+ 36. Kg1 Qe3+ 37. Kg2 Ne5 38. Qxb6 Qxg5+ 39. Kh2 Qf4+ 40. Kg2 h4 41.
Qf2 Qg5+ 42. Kh1 Bf5 43. Rb8+ Kh7 44. Re8 Bd7 45. Rxe5 Qxe5 46. Qxf7+ Kh6 47.
Qxd7 Qe1+ 48. Kg2 Qxd2+ 49. Kf3 Qd3+ 50. Kf2 Qd2+ 51. Kf3 Qd3+ 52. Kf2 1/2-1/2

[Event "TCh-TUR Super League 2023"]
[Site "Ankara TUR"]
[Date "2023.07.19"]
[Round "10.4"]
[Board "3"]
[White "Erturan, Yakup"]
[Black "Altun, Arda"]
[Result "1/2-1/2"]
[WhiteTitle "IM"]
[BlackTitle "FM"]
[WhiteElo "2363"]
[BlackElo "2218"]
[WhiteTeam "DARUSSAFAKA"]
[BlackTeam "BURHANIYE"]
[WhiteFideId "6301410"]
[BlackFideId "34511580"]
[EventDate "2023.07.10"]

1. d4 d5 2. c4 c6 3. cxd5 cxd5 4. Nc3 Nf6 5. Bf4 Nc6 6. e3 Bf5 7. Nf3 e6 8. Bd3
Bg6 9. O-O Bd6 10. Bxd6 Qxd6 11. Qe2 O-O 12. Bxg6 hxg6 13. Rfc1 Rfc8 14. h3 Qe7
15. a3 Na5 16. Rc2 Rc7 17. Rac1 Rac8 18. Nb5 Rxc2 19. Rxc2 Rxc2 20. Qxc2 a6 21.
Nc3 Qc7 22. Nd2 b5 23. Nb3 Nxb3 24. Qxb3 Qc4 25. Qxc4 bxc4 26. Kf1 Kf8 27. Ke2
Ke7 28. Na4 Nd7 29. Kd2 Kd6 30. Kc3 a5 31. b3 cxb3 32. Kxb3 Kc6 33. Nb2 Kb5 34.
a4+ Kc6 35. Nd3 Kd6 36. f4 f6 37. Kc3 Kc6 38. Kd2 Kd6 39. Kc3 Kc6 1/2-1/2

[Event "TCh-TUR Super League 2023"]
[Site "Ankara TUR"]
[Date "2023.07.19"]
[Round "10.4"]
[Board "5"]
[White "Fataliyeva, Ulviyya"]
[Black "Yakubbaeva, Nilufar"]
[Result "1/2-1/2"]
[WhiteTitle "IM"]
[BlackTitle "WGM"]
[WhiteElo "2401"]
[BlackElo "2311"]
[WhiteTeam "DARUSSAFAKA"]
[BlackTeam "BURHANIYE"]
[WhiteFideId "13403052"]
[BlackFideId "14204487"]
[EventDate "2023.07.10"]

1. e4 e5 2. Nf3 Nc6 3. Bb5 Nf6 4. d3 Bc5 5. c3 d6 6. d4 exd4 7. cxd4 Bb4+ 8. Bd2
Bxd2+ 9. Nbxd2 O-O 10. Bxc6 bxc6 11. O-O Rb8 12. b3 Re8 13. Re1 Bd7 14. Rc1 Re7
15. Rc3 Qc8 16. h3 Qa6 17. Qc2 Rbe8 18. Rce3 h6 19. Nf1 Qb5 20. Ng3 a5 21. Nh4
Qb4 22. Ngf5 Re6 23. R1e2 c5 24. dxc5 Rxe4 25. cxd6 Rxe3 26. fxe3 cxd6 27. Qb2
Re5 28. Nd4 Nd5 29. a3 Qc3 30. Qxc3 Nxc3 31. Re1 Nb5 32. Nhf3 Rc5 33. Nxb5 1/2-1/2

[Event "TCh-TUR Super League 2023"]
[Site "Ankara TUR"]
[Date "2023.07.19"]
[Round "10.4"]
[Board "6"]
[White "Bicer, Atakan Mert"]
[Black "Isik, Alparslan"]
[Result "0-1"]
[WhiteTitle "FM"]
[BlackTitle "IM"]
[WhiteElo "2311"]
[BlackElo "2478"]
[WhiteTeam "BURHANIYE"]
[BlackTeam "DARUSSAFAKA"]
[WhiteFideId "34560645"]
[BlackFideId "34506896"]
[EventDate "2023.07.10"]

1. c4 Nf6 2. g3 e6 3. Bg2 d5 4. Nf3 Be7 5. O-O O-O 6. b3 a5 7. Nc3 c6 8. d4 b6
9. Bb2 Ba6 10. Qd3 b5 11. Nd2 a4 12. Rac1 Nbd7 13. Qc2 a3 14. Ba1 Qa5 15. Rfe1
Rfe8 16. e4 dxc4 17. bxc4 bxc4 18. f4 Nb6 19. Nf1 Rad8 20. Rcd1 Bb4 21. Ne3 Na4
22. Nxa4 Bxe1 23. Nc3 Bxc3 24. Bxc3 Qc7 25. Qa4 Bb5 26. Qxa3 Ra8 27. Qb2 Qa7 28.
Ra1 Qa3 29. Qd2 Qe7 30. Bb4 Qd7 31. Qc3 Red8 32. Bc5 Qb7 33. a3 Nd7 34. Bb4 Nb6
35. Rd1 Na4 36. Qa1 Qa7 37. Nc2 c5 38. Be1 cxd4 39. Bf2 c3 40. Rxd4 Rxd4 41.
Nxd4 Qa5 42. Qd1 Nb2 43. Qg4 Qa4 0-1

[Event "TCh-TUR Super League 2023"]
[Site "Ankara TUR"]
[Date "2023.07.19"]
[Round "10.5"]
[Board "1"]
[White "Mendonca, Leon Luke"]
[Black "Sankalp, Gupta"]
[Result "1/2-1/2"]
[WhiteTitle "GM"]
[BlackTitle "GM"]
[WhiteElo "2627"]
[BlackElo "2497"]
[WhiteTeam "BURSA BUYUKSEHIR BELEDIYE SPOR KULUBU"]
[BlackTeam "ROTA KOLEJI"]
[WhiteFideId "35028561"]
[BlackFideId "5097010"]
[EventDate "2023.07.10"]

1. Nf3 d5 2. g3 Nc6 3. d4 Bf5 4. Bg2 Nb4 5. Na3 e6 6. O-O Be7 7. c3 Nc6 8. Qb3
Rb8 9. Re1 Nf6 10. Nh4 Bg4 11. h3 Bh5 12. g4 Nd7 13. gxh5 Bxh4 14. e4 dxe4 15.
Rxe4 O-O 16. Rg4 Kh8 17. d5 Nce5 18. Rd4 exd5 19. Qxd5 Qe7 20. Bd2 c5 21. Re4 f5
22. Ree1 f4 23. Nc4 Rbe8 24. Nxe5 Nxe5 25. Re4 f3 26. Bh1 Qf6 27. Bf4 Nc6 28.
Be3 Rxe4 29. Qxe4 b6 30. Rd1 h6 31. Rd7 Bg5 32. Bxg5 Qxg5+ 33. Kh2 Qf6 34. Rd3
Ne5 35. Re3 Re8 36. Kg1 Qg5+ 37. Kf1 Rd8 38. Bxf3 Nxf3 39. Qxf3 Kg8 40. Qg4 Qd5
41. Kg1 Qd1+ 42. Kg2 Qd5+ 43. Kg3 Qd6+ 44. f4 Qd2 45. Qe2 1/2-1/2

[Event "TCh-TUR Super League 2023"]
[Site "Ankara TUR"]
[Date "2023.07.19"]
[Round "10.5"]
[Board "2"]
[White "Mammadov, Zaur"]
[Black "Erdogmus, Yagiz Kaan"]
[Result "0-1"]
[WhiteTitle "GM"]
[BlackTitle "IM"]
[WhiteElo "2398"]
[BlackElo "2483"]
[WhiteTeam "ROTA KOLEJI"]
[BlackTeam "BURSA BUYUKSEHIR BELEDIYE SPOR KULUBU"]
[WhiteFideId "13401033"]
[BlackFideId "44599790"]
[EventDate "2023.07.10"]

1. d4 Nf6 2. Nf3 e6 3. e3 b6 4. Bd3 Bb7 5. O-O d5 6. c4 Bd6 7. cxd5 exd5 8. Nc3
Nbd7 9. b3 O-O 10. Bb2 a6 11. Rc1 Re8 12. Qc2 Ne4 13. Ne2 Rc8 14. Ng3 g6 15. Qe2
h5 16. Ne5 Nxg3 17. hxg3 Nxe5 18. dxe5 Bxe5 19. Bxe5 Rxe5 20. Bxa6 Bxa6 21. Qxa6
Ra8 22. Qe2 c5 23. Rfd1 h4 24. g4 Qf6 25. Qb2 Qe6 26. b4 Rg5 27. bxc5 bxc5 28.
Qe2 d4 29. Qf3 Ra3 30. Re1 d3 31. Qf4 Rxg4 32. Qb8+ Kh7 33. Rxc5 Qe4 34. Qh2 Qb4
35. Rec1 d2 36. Qc7 dxc1=Q+ 37. Rxc1 Qf8 38. Qd7 Rga4 39. Rc8 Qg7 40. Qe7 Ra5
41. f4 Rxa2 42. Rf8 Qa1+ 43. Kh2 Rxg2+ 44. Kxg2 Ra2+ 45. Kf3 Qh1+ 0-1

[Event "TCh-TUR Super League 2023"]
[Site "Ankara TUR"]
[Date "2023.07.19"]
[Round "10.5"]
[Board "3"]
[White "Haznedaroglu, Kivanc"]
[Black "Tarhan, Adar"]
[Result "0-1"]
[WhiteTitle "GM"]
[BlackTitle "FM"]
[WhiteElo "2408"]
[BlackElo "2347"]
[WhiteTeam "BURSA BUYUKSEHIR BELEDIYE SPOR KULUBU"]
[BlackTeam "ROTA KOLEJI"]
[WhiteFideId "6300634"]
[BlackFideId "34544712"]
[EventDate "2023.07.10"]

1. d4 d5 2. Nf3 Nf6 3. c4 e6 4. g3 Be7 5. Bg2 O-O 6. O-O dxc4 7. Qc2 a6 8. Rd1
Nbd7 9. a4 Nb6 10. a5 Nbd5 11. Qxc4 Bd7 12. Nc3 Qe8 13. Ne5 Bb5 14. Nxb5 axb5
15. Qb3 c6 16. e4 Nc7 17. Be3 Ra6 18. Qc3 Nd7 19. Nd3 f5 20. f3 Bd6 21. Nc5 Bxc5
22. dxc5 fxe4 23. fxe4 Ra8 24. Rd6 Nf6 25. Bf4 Qh5 26. b4 Rae8 27. Qe5 Qf7 28.
Rad1 h6 29. Bh3 g5 30. Be3 Qh5 31. Rf1 Ng4 32. Rxf8+ Rxf8 33. Bxg4 Qxg4 34. Rd2
Ne8 35. Bd4 Kh7 36. h3 Qf3 37. Kh2 Qb3 38. Bc3 Kg6 39. g4 Rf3 40. Qh8 Nf6 41.
Rd7 Qc2+ 42. Bd2 Nxd7 43. Qg8+ Kf6 44. Qd8+ Ke5 0-1

[Event "TCh-TUR Super League 2023"]
[Site "Ankara TUR"]
[Date "2023.07.19"]
[Round "10.5"]
[Board "4"]
[White "Karaoglan, Doruk"]
[Black "Eren, Ataberk"]
[Result "0-1"]
[WhiteTitle "CM"]
[BlackTitle "FM"]
[WhiteElo "2247"]
[BlackElo "2324"]
[WhiteTeam "ROTA KOLEJI"]
[BlackTeam "BURSA BUYUKSEHIR BELEDIYE SPOR KULUBU"]
[WhiteFideId "6390927"]
[BlackFideId "6349765"]
[EventDate "2023.07.10"]

1. e4 e6 2. d4 d5 3. Nc3 Nf6 4. e5 Nfd7 5. Nce2 c5 6. c3 Nc6 7. f4 b5 8. Nf3 b4
9. Ng3 Qa5 10. Bd2 Qb6 11. Be3 Ba6 12. Bxa6 Qxa6 13. Qe2 Qxe2+ 14. Kxe2 c4 15.
Bd2 bxc3 16. bxc3 g6 17. Nf1 Ba3 18. Ne3 Nb6 19. g4 h5 20. h3 Na4 21. Raf1 Rb8
22. Nd1 Rb1 23. f5 Ra1 24. fxg6 fxg6 25. gxh5 gxh5 26. Rhg1 Rxa2 27. Ke1 Kd7 28.
Rg7+ Ne7 29. Nh4 Rg8 30. Rxg8 Nxg8 31. Rf7+ Ne7 32. Ng6 Nb6 33. Bg5 Nc8 34. Nf4
Rh2 35. h4 Bc1 36. Bxe7 Nxe7 37. Nxh5 Rxh4 38. Nf6+ Kd8 39. Rf8+ Kc7 40. Rf7 Kd8
41. Rf8+ Kc7 42. Rf7 Rh1+ 43. Ke2 Rh2+ 44. Nf2 Ba3 45. Ng8 Kd8 46. Rf8+ Kd7 47.
Nf6+ Kc6 48. Re8 Rg2 49. Kf3 Rg1 50. Nh3 Rc1 51. Nf4 Rxc3+ 52. Ke2 Rc2+ 53. Kf3
c3 54. Nxe6 Rd2 55. Rb8 Rb2 56. Nd8+ Kc7 57. Ra8 c2 58. Ne8+ Kb6 0-1

[Event "TCh-TUR Super League 2023"]
[Site "Ankara TUR"]
[Date "2023.07.19"]
[Round "10.5"]
[Board "5"]
[White "Aydin, Gulenay"]
[Black "Mammadova, Narmin"]
[Result "0-1"]
[WhiteTitle "WFM"]
[BlackTitle "WIM"]
[WhiteElo "2145"]
[BlackElo "2241"]
[WhiteTeam "BURSA BUYUKSEHIR BELEDIYE SPOR KULUBU"]
[BlackTeam "ROTA KOLEJI"]
[WhiteFideId "34557431"]
[BlackFideId "13403710"]
[EventDate "2023.07.10"]

1. e4 e6 2. d4 d5 3. Nd2 Be7 4. Ngf3 Nf6 5. e5 Nfd7 6. c3 c5 7. Bd3 Nc6 8. O-O
a5 9. a4 cxd4 10. cxd4 Nb4 11. Bb1 b6 12. Re1 Ba6 13. Nf1 Rc8 14. Ne3 Nb8 15.
Bd2 N8c6 16. Bc3 Kd7 17. Nc2 Nxc2 18. Bxc2 Nb4 19. Bb1 Kc7 20. Re3 Kb7 21. Ne1
Qd7 22. Nc2 Nxc2 23. Bxc2 Rc7 24. Qe1 Rhc8 25. Bd1 Qe8 26. h3 Qf8 27. Rb1 Bb4
28. Qd2 Rc6 29. Rg3 R8c7 30. Kh2 f5 31. Be2 Bxe2 32. Qxe2 Rc4 33. Rc1 Qe8 34.
Qd1 g6 35. Rd3 Bxc3 36. Rdxc3 Rxc3 37. Rxc3 Rxc3 38. bxc3 b5 39. Qb3 Kb6 40. Qa3
Qc6 41. axb5 Kxb5 42. Qb3+ Ka6 43. Qa3 g5 44. h4 gxh4 45. Kh3 Qb6 46. Kxh4 Kb5
47. Qb3+ Kc6 48. Qa3 Kd7 49. f3 Ke8 50. g4 fxg4 51. fxg4 Kf7 52. Qa4 Qc7 53. Qb5
Kg6 54. Qa6 Qf7 55. Qxa5 Qf4 56. Qa2 Qg5+ 57. Kg3 Qe3+ 58. Kh4 Qe1+ 59. Kh3
Qxc3+ 60. Kh4 Qxd4 61. Qa8 Qf2+ 62. Kh3 Qe3+ 63. Kh4 Qg5+ 64. Kh3 Qxe5 65. Qg8+
Kh6 66. Qf8+ Qg7 67. Qe8 Qc3+ 68. Kh4 Qf6+ 69. Kg3 d4 70. Qd7 Kg5 71. Qc7 e5 72.
Qxh7 Qf4+ 73. Kg2 Qxg4+ 74. Kf1 Qf5+ 0-1

[Event "TCh-TUR Super League 2023"]
[Site "Ankara TUR"]
[Date "2023.07.19"]
[Round "10.5"]
[Board "6"]
[White "Yavuz, Efe Metehan"]
[Black "Babazada, Khazar"]
[Result "0-1"]
[WhiteTitle "FM"]
[BlackTitle "IM"]
[WhiteElo "2346"]
[BlackElo "2460"]
[WhiteTeam "ROTA KOLEJI"]
[BlackTeam "BURSA BUYUKSEHIR BELEDIYE SPOR KULUBU"]
[WhiteFideId "34514570"]
[BlackFideId "13413554"]
[EventDate "2023.07.10"]

1. d4 Nf6 2. Bf4 g6 3. Nc3 d5 4. e3 Bg7 5. Nb5 Na6 6. Nc3 Nb8 7. Nb5 Na6 8. Nc3
O-O 9. Nf3 b6 10. Ne5 Bb7 11. h4 c5 12. Qf3 Nc7 13. h5 Ne6 14. hxg6 fxg6 15.
dxc5 bxc5 16. O-O-O Nxf4 17. exf4 Qb6 18. g4 e6 19. Qh3 c4 20. Be2 Qd6 21. g5
Nh5 22. Bxh5 Rxf4 23. Bg4 Qxe5 24. Bxe6+ Kf8 25. Bxd5 Qxg5 26. Qe3 Re8 27. Qc5+
Re7 28. Kb1 Bxc3 29. Rxh7 Bg7 30. Qd6 Bxd5 31. Rxd5 Qxd5 0-1

[Event "TCh-TUR Super League 2023"]
[Site "Ankara TUR"]
[Date "2023.07.19"]
[Round "10.6"]
[Board "2"]
[White "Vidit, Santosh Gujrathi"]
[Black "Yilmaz, Mustafa"]
[Result "1/2-1/2"]
[WhiteTitle "GM"]
[BlackTitle "GM"]
[WhiteElo "2719"]
[BlackElo "2639"]
[WhiteTeam "TURK HAVA YOLLARI"]
[BlackTeam "GOKTURK"]
[WhiteFideId "5029465"]
[BlackFideId "6302718"]
[EventDate "2023.07.10"]

1. c4 e5 2. g3 Nf6 3. Bg2 c6 4. Nf3 e4 5. Nd4 Qb6 6. Nb3 a5 7. d3 a4 8. N3d2 Bc5
9. O-O e3 10. fxe3 Bxe3+ 11. Kh1 Ng4 12. Ne4 O-O 13. Nbc3 d5 14. cxd5 Bxc1 15.
Qxc1 Ne3 16. Rf3 Nxd5 17. Qd2 a3 18. bxa3 Rxa3 19. Qc1 Ra5 20. Nd6 Nxc3 21. Qxc3
Be6 22. Nxb7 Rxa2 23. Rxa2 Bxa2 24. Nc5 Re8 25. Qc2 Bd5 26. e4 Be6 27. d4 Nd7
28. Nxe6 Rxe6 29. Qc4 g6 1/2-1/2

[Event "TCh-TUR Super League 2023"]
[Site "Ankara TUR"]
[Date "2023.07.19"]
[Round "10.6"]
[Board "3"]
[White "Can, Emre"]
[Black "Yilmazyerli, Mert"]
[Result "1-0"]
[WhiteTitle "GM"]
[BlackTitle "GM"]
[WhiteElo "2570"]
[BlackElo "2542"]
[WhiteTeam "GOKTURK"]
[BlackTeam "TURK HAVA YOLLARI"]
[WhiteFideId "6302181"]
[BlackFideId "6305962"]
[EventDate "2023.07.10"]

1. d4 d5 2. c4 e6 3. Nf3 Nf6 4. g3 dxc4 5. Bg2 Nc6 6. Nc3 Rb8 7. Qa4 Bb4 8. O-O
Bd7 9. Ne5 Bxc3 10. Nxd7 Qxd7 11. bxc3 b5 12. Qa3 b4 13. Qa6 Nd5 14. Qxc4 O-O
15. cxb4 Rxb4 16. Qc5 Rxd4 17. Ba3 Rc8 18. Rad1 Rxd1 19. Rxd1 Qe8 20. Rc1 Ne5
21. Bb2 Nd7 22. Qxa7 c5 23. Qa4 N7f6 24. Qxe8+ Nxe8 25. Bd4 c4 26. e4 Nb4 27.
Bf1 Nxa2 28. Rxc4 Rxc4 29. Bxc4 Nb4 30. Bc5 Nc2 31. f4 Nf6 32. e5 Ne4 33. Bb6
Nb4 34. Kg2 h5 35. Ba5 Nc6 36. Be1 Nd4 37. Bd3 Nc5 38. Bb1 Nf5 39. Bf2 Nb3 40.
Bc2 Nbd4 41. Ba4 g6 42. h3 Ne2 43. Kf3 Ned4+ 44. Ke4 Ne2 45. g4 hxg4 46. hxg4
Nc3+ 47. Kd3 Nxa4 48. gxf5 Nb2+ 49. Kd4 exf5 50. Bg1 f6 51. exf6 Kf7 52. Kc3
Na4+ 53. Kb4 Kxf6 54. Be3 1-0

[Event "TCh-TUR Super League 2023"]
[Site "Ankara TUR"]
[Date "2023.07.19"]
[Round "10.6"]
[Board "4"]
[White "Gurel, Ediz"]
[Black "Gokerkan, Cem Kaan"]
[Result "1/2-1/2"]
[WhiteTitle "IM"]
[BlackTitle "IM"]
[WhiteElo "2500"]
[BlackElo "2516"]
[WhiteTeam "TURK HAVA YOLLARI"]
[BlackTeam "GOKTURK"]
[WhiteFideId "44507356"]
[BlackFideId "6336760"]
[EventDate "2023.07.10"]

1. e4 e6 2. d4 d5 3. Nd2 c5 4. exd5 Qxd5 5. Ngf3 cxd4 6. Bc4 Qd7 7. O-O Nc6 8.
Nb3 a6 9. a4 Nge7 10. Nbxd4 Nxd4 11. Nxd4 Qc7 12. Bb5+ Bd7 13. Bf4 Qc8 14. Bd3
Ng6 15. Bg3 Bc5 16. Nb3 Be7 17. Na5 O-O 18. Nc4 Qd8 19. a5 Bc5 20. b4 Bd4 21.
Ra3 Bc6 22. Bxg6 Qd5 23. Ne3 Bxe3 24. Qxd5 exd5 25. Bxf7+ Rxf7 26. Rxe3 d4 27.
Re5 Re8 28. Rd1 Rfe7 29. f4 Rxe5 30. fxe5 Be4 31. Rxd4 Bxc2 32. Rd7 Be4 33. h4
Bc6 34. Rc7 Kf8 35. b5 Bxb5 36. Rxb7 Re7 37. Rb6 Kf7 38. Rd6 Re6 39. Rd4 h5 40.
Bf4 Re7 41. Rd6 Re6 42. Rd2 Re7 43. Rc2 Ke6 44. Kf2 Rd7 45. Rc8 Rd4 46. g3 Ra4
47. Rc7 g6 48. Rb7 Rxa5 49. Rb6+ Kf5 1/2-1/2